70 χρόνια δημιουργίας ελληνικών κινουμένων σχεδίων : 1945-2015 = 70 years of Greek animation : 1945-2015
Αποθηκεύτηκε σε:
| Κύριος συγγραφέας: | |
|---|---|
| Άλλοι συγγραφείς: | , , |
| Μορφή: | Βιβλίο |
| Γλώσσα: | Greek English |
| Δημοσίευση: |
Αθήνα:
ΑΣΙΦΑ Ελλάς,
2016.
|
| Θέματα: | |
| Ετικέτες: |
Προσθήκη ετικέτας
Δεν υπάρχουν, Καταχωρήστε ετικέτα πρώτοι!
|
MARC
| LEADER | 00000cam a2200000 a 4500 | ||
|---|---|---|---|
| 001 | 1/115934 | ||
| 008 | 180216s2016####gr | ||| |||| ||gre|| | ||
| 020 | |a 9786188282704 | ||
| 040 | |a GR-MyUa |b gre |c GR-MyUa |e AACR2 | ||
| 041 | 0 | |a gre |a eng | |
| 082 | 7 | |a 741.58 |2 (23) | |
| 082 | 7 | |a 791.4334 |2 (23) | |
| 245 | 0 | 0 | |a 70 χρόνια δημιουργίας ελληνικών κινουμένων σχεδίων : |b 1945-2015 = 70 years of Greek animation : 1945-2015 / |c επιμέλεια έκδοσης Παναγιώτης Κυριακουλάκος, Αρίσταρχος Παπαδανιήλ, Άγγελος Ρούβας ; πρωτότυπα κείμενα Γιάννης Βασιλειάδης... [κ. ά.] ; μεταφράσεις Αλεξάνδρα Δυράνη-Μαούνη ... [κ. ά]. |
| 246 | 1 | |i Παράλληλος τίτλος: |a 70 years of Greek animation : |b 1945-2015 | |
| 260 | |a Αθήνα: |b ΑΣΙΦΑ Ελλάς, |c 2016. | ||
| 300 | |a 219 σ. : |b εικ., φωτ. ; |c 20 εκ. | ||
| 500 | |a Επετειακό λεύκωμα. | ||
| 650 | 0 | |a Animation (Cinematography) |z Greece. | |
| 650 | 0 | |a Cartooning. | |
| 650 | 0 | |a Comic books, strips, etc. |z Greece. | |
| 650 | 0 | |a Animation (Cinematography) |x History. | |
| 650 | 0 | |a Animated films |z Greece. | |
| 700 | 1 | |a Κυριακουλάκος, Παναγιώτης, |e edt | |
| 700 | 1 | |a Παπαδανιήλ, Αρίσταρχος, |e edt | |
| 700 | 1 | |a Ρούβας, Άγγελος, |d 1959- |e edt | |
| 700 | 1 | |a Βασιλειάδης, Γιάννης, |d 1936- |e aut | |
| 852 | |a INST |b RHODES |c EUDOXUS |e 20180216 |h 741.58 ΧΡΟ |p 005400039878 |q 005400039878 |t EDX |y 0 | ||
| 852 | |a INST |b SYROS |c EUDOXUS |e 20181026 |h 791.4334 ΕΒΔ |p 005500013514 |q 005500013514 |t EDX |y 0 | ||
| 920 | |a Εύδοξος |b Παραγγελία |y Σύρος-ΤΜΣΠΣ |z 2018-02 | ||
| 920 | |a Εύδοξος |b Παραγγελία |y Ρόδος-ΤΕΠΑΕΣ |z 2018-01 | ||
| 970 | |z 16/02/2018 | ||